|
|
|
|
| LEADER |
01691nam a2200313 a 4500 |
| 001 |
2520251 |
| 008 |
100103s1992 bg b b 000 0 eng d |
| 010 |
|
|
|a \\\92911791
|
| 020 |
|
|
|a 9840800825 :
|c Tk250.00
|
| 040 |
|
|
|a DLC
|c DLC
|d DLC
|d BD-DhAAL
|
| 082 |
0 |
0 |
|a 351.5492
|2 20
|
| 245 |
0 |
0 |
|a Bangladesh, South Asia, and the world /
|c edited by Emajuddin Ahamed, Abul Kalam.
|
| 260 |
|
|
|a Dhaka, Bangladesh :
|b Academic Publishers in association with International Studies Association, Bangladesh,
|c c1992.
|
| 300 |
|
|
|a x, 302 p. :
|b map ;
|c 23 cm.
|
| 520 |
|
|
|a Chiefly on South Asian affairs; most papers presented at a seminar organized by the International Studies Association, Bangladesh, in Dhaka on 10 August 1990.
|
| 504 |
|
|
|a Includes bibliographical references.
|
| 541 |
1 |
|
|e 00016930
|
| 651 |
|
0 |
|a Bangladesh
|x Politics and government
|y 1971-
|
| 651 |
|
0 |
|a South Asia
|x Politics and government.
|
| 651 |
|
0 |
|a Bangladesh
|x Relations
|z South Asia.
|
| 651 |
|
0 |
|a South Asia
|x Relations
|z Bangladesh.
|
| 700 |
1 |
|
|a Ahmed, Emajuddin.
|
| 700 |
0 |
|
|a Abul Kalam.
|
| 710 |
2 |
|
|a International Studies Association, Bangladesh.
|
| 852 |
4 |
|
|a Ayesha Abed Library
|j General shelf
|
| 999 |
|
|
|c 6670
|d 6670
|
| 952 |
|
|
|0 0
|1 0
|2 ddc
|4 0
|6 351_549200000000000_BAN_1992
|7 0
|9 6830
|a BRACUL
|b BRACUL
|c GEN
|d 2010-01-04
|l 0
|o 351.5492 BAN
|p 3010016930
|r 2010-01-04
|t 1
|w 2010-01-04
|y BK
|
| 952 |
|
|
|0 0
|1 0
|2 ddc
|4 0
|6 351_549200000000000_BAN_1992
|7 0
|9 7025
|a BRACUL
|b BRACUL
|c GEN
|d 2010-01-10
|l 2
|m 1
|o 351.5492 BAN
|p 3010010907
|r 2015-05-06
|s 2015-04-21
|t 2
|w 2010-01-10
|y BK
|
| 952 |
|
|
|0 0
|1 0
|2 ddc
|4 0
|6 351_549200000000000_BAN_1992
|7 0
|9 7026
|a BRACUL
|b BRACUL
|c GEN
|d 2010-01-10
|l 1
|m 4
|o 351.5492 BAN
|p 3010010921
|r 2026-03-08
|s 2026-02-02
|t 3
|w 2010-01-10
|y BK
|